Statistics for Guess the Major Coal Using Countries:

Click here to take the quiz!

General Stats

  • This quiz has been taken 59 times
  • The average score is 14 of 20

Answer Stats

Share of World
Coal usage
%
Answer% Correct
1) 50.5 %China
100%
3) 8.5 %USA
96%
5) 2.7 %Russia
95%
4) 3.0 %Germany
91%
2) 11.3 %India
91%
20) 0.5 %UK
91%
10) 1.5 %Australia
85%
12) 1.2 %Indonesia
85%
6) 2.5 %Japan
85%
9) 1.7 %Poland
84%
18) 0.5 %Canada
76%
14) 0.7 %Ukraine
75%
8) 1.8 %South Korea
73%
19) 0.5 %Thailand
60%
15) 0.7 %Vietnam
60%
11) 1.4 %Turkey
58%
13) 0.8 %Taiwan
53%
7) 2.4 %South Africa
49%
16) 0.6 %Czechia
24%
17) 0.5 %Serbia
16%

Score Distribution

Percentile by Number Answered

Percent of People with Each Score

Your Score History

You have not taken this quiz